[Event "DEN-ch sf5"]
[Site "Svendborg"]
[Date "2024.03.29"]
[Round "3"]
[White "Andersen, Lene"]
[Black "Silcowitz, Magnus"]
[Result "0-1"]
[WhiteElo "1618"]
[BlackElo "1675"]
[PlyCount "86"]
[EventDate "2024.03.29"]
[EventType "swiss"]
[EventRounds "7"]
[EventCountry "DEN"]
[SourceTitle "CB16_2024"]
[SourceDate "2024.04.17"]
[SourceVersion "1"]
[SourceVersionDate "2024.04.17"]
[SourceQuality "1"]

1. e4 c6 2. d4 d5 3. Nc3 dxe4 4. Nxe4 Nf6 5. Nc3 Bf5 6. Bd3 Bxd3 7. Qxd3 e6 8. a3 c5 9. Be3 cxd4 10. Bxd4 Nc6 11. Nf3 Nxd4 12. Qxd4 Be7 13. Qa4+ Qd7 14. Ne5 Qxa4 15. Nxa4 0-0 16. 0-0 Rac8 17. Nc3 Rc7 18. Rac1 Rfc8 19. Nd3 a6 20. h3 Bxa3 21. bxa3 Rxc3 22. Nb4 a5 23. Na2 Rxc2 24. Rfd1 Rxc1 25. Nxc1 Nd5 26. Ne2 Kf8 27. Rb1 b6 28. Nd4 Rc4 29. Nf3 Ra4 30. Rb3 f6 31. Ne1 Ke7 32. Nd3 Kd6 33. Nb2 Rd4 34. Kf1 Kc6 35. Ke2 b5 36. Nd1 b4 37. a4 Rc4 38. Kd3 Rc1 39. Kd2 Ra1 40. Nb2 Nc3 41. Kd3 Nxa4 42. Nxa4 Rxa4 43. Kc4 Ra1 0-1

[Event "Hillerod CC-chC"]
[Site "Hillerod"]
[Date "2020.10.06"]
[Round "4"]
[White "Togeby, Erik"]
[Black "Andersen, Lene"]
[Result "1-0"]
[WhiteElo "1351"]
[BlackElo "1118"]
[PlyCount "67"]
[EventDate "2020.09.15"]
[EventType "swiss"]
[EventRounds "7"]
[EventCountry "DEN"]
[SourceTitle "EXT 2024"]
[Source "ChessBase"]
[SourceDate "2023.10.10"]
[SourceVersion "1"]
[SourceVersionDate "2023.10.10"]
[SourceQuality "1"]

1. d4 d5 2. c4 Nf6 3. Nf3 Nc6 4. Bg5 Bf5 5. Nc3 e6 6. e3 Be7 7. cxd5 exd5 8. Bb5 Qd6 9. 0-0 0-0 10. Bd3 Bg4 11. Bf4 Qd7 12. Be2 Qf5 13. Nb5 Bd8 14. Nxc7 Rc8 15. Nb5 a6 16. Nc3 Bc7 17. Bxc7 Rxc7 18. Rc1 Re8 19. Na4 Re4 20. Rc5 Qh5 21. Rc1 Rce7 22. Nc5 Nxd4 23. Nxe4 Rxe4 24. Nxd4 h6 25. f3 Rxe3 26. fxg4 Qh4 27. Nf5 Qg5 28. Nxe3 Qxe3+ 29. Kh1 Ne4 30. Qe1 Nf2+ 31. Qxf2 Qd2 32. Qxf7+ Kh7 33. Qf5+ Kg8 34. Rc8# 1-0

[Event "Hillerod CC-ch Grp 4"]
[Site "Hillerod"]
[Date "2019.12.10"]
[Round "3"]
[White "Andersen, Lene"]
[Black "Pedersen, Jan2222"]
[Result "0-1"]
[WhiteElo "1099"]
[BlackElo "1416"]
[PlyCount "42"]
[EventDate "2019.12.10"]
[EventType "swiss"]
[EventRounds "7"]
[EventCountry "DEN"]
[SourceTitle "EXT 2024"]
[Source "ChessBase"]
[SourceDate "2023.10.10"]
[SourceVersion "1"]
[SourceVersionDate "2023.10.10"]
[SourceQuality "1"]

1. e4 e5 2. Nf3 Nc6 3. Bc4 Be7 4. Nc3 Nf6 5. d4 exd4 6. Nxd4 Bb4 7. 0-0 d6 8. Bf4 0-0 9. a3 Bxc3 10. bxc3 Nxe4 11. Qe1 Re8 12. Ne2 Qf6 13. Bd2 Nxd2 14. Qxd2 Ne5 15. Bd5 c6 16. Bb3 Qg6 17. g3 Nf3+ 18. Kh1 Nxd2 19. Nf4 Qe4+ 20. Kg1 Nxf1 21. Kxf1 Qh1# 0-1

[Event "Hillerod Vinhuset Stoltz op"]
[Site "Hillerod"]
[Date "2019.10.01"]
[Round "4"]
[White "Andersen, Lene"]
[Black "Mariegaard, Sebastian"]
[Result "0-1"]
[WhiteElo "1092"]
[BlackElo "1478"]
[PlyCount "68"]
[EventDate "2019.09.24"]
[EventType "swiss"]
[EventRounds "7"]
[EventCountry "DEN"]
[SourceTitle "EXT 2021"]
[Source "ChessBase"]
[SourceDate "2020.10.23"]
[SourceVersion "1"]
[SourceVersionDate "2020.10.23"]
[SourceQuality "1"]

1. e4 e5 2. Nf3 Nc6 3. Bc4 Bc5 4. Nc3 Nf6 5. 0-0 d6 6. d3 0-0 7. a3 h6 8. Be3 Bb6 9. b4 Bg4 10. h3 Bxf3 11. Qxf3 Nd4 12. Qg3 g5 13. h4 Nh5 14. Qg4 Nf6 15. Qg3 Nh5 16. Qg4 Nf6 17. Qg3 Nh7 18. f4 Nxc2 19. Rac1 Bxe3+ 20. Kh2 Bxf4 21. Rxf4 exf4 22. Qg4 Ne3 23. Qh5 Qf6 24. Nd5 Nxd5 25. Bxd5 c6 26. Bb3 Qb2 27. Qg6+ Qg7 28. Qh5 Rae8 29. Rc4 Re5 30. Rd4 g4 31. Rxd6 Rxh5 32. g3 Qb2+ 33. Kg1 f3 34. Bc4 Qg2# 0-1

[Event "Hillerod CC-ch D"]
[Site "Hillerod"]
[Date "2019.04.02"]
[Round "7"]
[White "Mariegaard, Sebastian"]
[Black "Andersen, Lene"]
[Result "1-0"]
[WhiteElo "1000"]
[BlackElo "1000"]
[PlyCount "43"]
[EventDate "2019.01.08"]
[EventType "swiss"]
[EventRounds "7"]
[EventCountry "DEN"]
[SourceTitle "EXT 2024"]
[Source "ChessBase"]
[SourceDate "2023.10.10"]
[SourceVersion "1"]
[SourceVersionDate "2023.10.10"]
[SourceQuality "1"]

1. d4 d5 2. c4 e6 3. e3 Nf6 4. Nc3 Be7 5. Nf3 0-0 6. cxd5 exd5 7. Bd3 c6 8. 0-0 Nbd7 9. Qc2 a6 10. e4 b5 11. e5 Nh5 12. Bxh7+ Kh8 13. Bd3 Nb6 14. Ne2 Be6 15. Nf4 Nxf4 16. Bxf4 f5 17. Qxc6 Bd7 18. Qg6 Na4 19. Bg5 Nxb2 20. Bxe7 Qxe7 21. Ng5 Nxd3 22. Qh7# 1-0